<?xml version="1.0" encoding="UTF-8"?>
<record
    xmlns:xsi="http://www.w3.org/2001/XMLSchema-instance"
    xsi:schemaLocation="http://www.loc.gov/MARC21/slim http://www.loc.gov/standards/marcxml/schema/MARC21slim.xsd"
    xmlns="http://www.loc.gov/MARC21/slim">

  <leader>02787nam a22002897a 4500</leader>
  <controlfield tag="003">DO-CoUTE</controlfield>
  <controlfield tag="005">20260516135805.0</controlfield>
  <controlfield tag="008">260516b        dr ||||| |||| 00| 0 spa d</controlfield>
  <datafield tag="040" ind1=" " ind2=" ">
    <subfield code="a">DO-CoUTE</subfield>
    <subfield code="b">spa</subfield>
    <subfield code="c">DO-CoUTE</subfield>
  </datafield>
  <datafield tag="041" ind1=" " ind2=" ">
    <subfield code="a">spa</subfield>
  </datafield>
  <datafield tag="092" ind1=" " ind2=" ">
    <subfield code="a">GEO 2026 M69</subfield>
  </datafield>
  <datafield tag="100" ind1="1" ind2=" ">
    <subfield code="a">Moya Bautista, Julissa Dariana</subfield>
    <subfield code="e">Sustentante </subfield>
  </datafield>
  <datafield tag="245" ind1=" " ind2=" ">
    <subfield code="a">Potencial H&#xED;drico Para El Abastecimiento Urbano En La Cuenca De Zambrana Abajo, La Cabirma S&#xE1;nchez Ram&#xED;rez / </subfield>
    <subfield code="c">Julissa Dariana Moya Bautista,  Giomercy Fermin De la Rosa, Marleni Marte Polanco, Framelsi Garc&#xED;a Jos&#xE9; ; Asesor, Abel de Jes&#xFA;s Mota</subfield>
  </datafield>
  <datafield tag="260" ind1=" " ind2=" ">
    <subfield code="a">Cotu&#xED;, Rep&#xFA;blica Dominicana ; </subfield>
    <subfield code="b">UTECO, </subfield>
    <subfield code="c">2026</subfield>
  </datafield>
  <datafield tag="300" ind1=" " ind2=" ">
    <subfield code="a">77 Hojas : </subfield>
    <subfield code="b">Im&#xE1;genes ; </subfield>
    <subfield code="c">23cm, </subfield>
    <subfield code="e">+ 1 CD-ROM </subfield>
  </datafield>
  <datafield tag="502" ind1=" " ind2=" ">
    <subfield code="a">Trabajo de Grado (Ingeniero Geolog&#xED;a ) Universidad Tecnol&#xF3;gica del Cibao Oriental, 2026.
</subfield>
  </datafield>
  <datafield tag="504" ind1=" " ind2=" ">
    <subfield code="a"> Incluye referencia bibliogr&#xE1;fica e &#xED;ndice.</subfield>
  </datafield>
  <datafield tag="520" ind1=" " ind2=" ">
    <subfield code="a">La presente investigaci&#xF3;n est&#xE1; basada en potencial h&#xED;drico para el abastecimiento
urbano en la cuenca de Zambrana Abajo, la Cabirma S&#xE1;nchez Ram&#xED;rez, la misma tuvo
como objetivo general determinar el potencial h&#xED;drico para el abastecimiento urbano en la
cuenca de Zambrana Abajo, La Cabima S&#xE1;nchez Ram&#xED;rez, con la finalidad de realizar
propuestas que contribuyan al abastecimiento de agua en la zona objeto de estudio. Se
aplic&#xF3; una encuesta y se tomaron diversas muestras del agua para determinar m&#xFA;ltiples
par&#xE1;metros. Cabe se&#xF1;alar que en el an&#xE1;lisis de las muestras evidenci&#xF3; que, aunque los
par&#xE1;metros f&#xED;sico-qu&#xED;micos como pH, TDS, nitratos, sulfatos y hierro se mantienen en
niveles adecuados, existen deficiencias en la desinfecci&#xF3;n (cloro libre bajo) y en la carga
microbiol&#xF3;gica, que representan un riesgo para el consumo humano. Esto pone en
evidencia la necesidad de mejorar los sistemas de tratamiento y fortalecer la infraestructura
para proteger los recursos h&#xED;dricos. Se evalu&#xF3; la demanda actual en el uso del agua y
caracter&#xED;sticas demogr&#xE1;ficas lo que permiti&#xF3; conocer la concentraci&#xF3;n de la demanda en
consumo humano y saneamiento, as&#xED; como tambi&#xE9;n la estabilidad de la misma en funci&#xF3;n de la estructura etaria y ocupacional de la poblaci&#xF3;n. Por lo que la planificaci&#xF3;n h&#xED;drica asegura que los recursos puedan satisfacer de manera sostenible las necesidades presentes y futuras en la comunidad de Zambrana</subfield>
  </datafield>
  <datafield tag="650" ind1=" " ind2="4">
    <subfield code="2">Potencial Hidirco </subfield>
  </datafield>
  <datafield tag="700" ind1="1" ind2=" ">
    <subfield code="a">Julissa Dariana Moya Bautista</subfield>
    <subfield code="e">Sustentante </subfield>
  </datafield>
  <datafield tag="700" ind1="1" ind2=" ">
    <subfield code="a">Giomercy Fermin De la Rosa</subfield>
    <subfield code="e">Sustentante </subfield>
  </datafield>
  <datafield tag="700" ind1="1" ind2=" ">
    <subfield code="a">Marleni Marte Polanco</subfield>
    <subfield code="e">Sustentante </subfield>
  </datafield>
  <datafield tag="700" ind1="1" ind2=" ">
    <subfield code="a">Abel de Jes&#xFA;s Mota</subfield>
    <subfield code="e">Asesor </subfield>
  </datafield>
  <datafield tag="830" ind1=" " ind2=" ">
    <subfield code="a">Tesis y disertaciones acad&#xE9;micas (Universidad Tecnol&#xF3;gica del Cibao Oriental)</subfield>
  </datafield>
  <datafield tag="856" ind1=" " ind2=" ">
    <subfield code="y">Haga Click Aqu&#xED; para Descargar en Texto Completo</subfield>
  </datafield>
  <datafield tag="942" ind1=" " ind2=" ">
    <subfield code="2">ddc</subfield>
    <subfield code="c">TH</subfield>
  </datafield>
  <datafield tag="999" ind1=" " ind2=" ">
    <subfield code="c">24192</subfield>
    <subfield code="d">24192</subfield>
  </datafield>
  <datafield tag="952" ind1=" " ind2=" ">
    <subfield code="0">0</subfield>
    <subfield code="1">0</subfield>
    <subfield code="2">ddc</subfield>
    <subfield code="4">0</subfield>
    <subfield code="7">0</subfield>
    <subfield code="8">eT</subfield>
    <subfield code="a">BU</subfield>
    <subfield code="b">BU</subfield>
    <subfield code="c">GEN</subfield>
    <subfield code="d">2026-05-16</subfield>
    <subfield code="i">24192</subfield>
    <subfield code="l">0</subfield>
    <subfield code="o">GEO 2026 M69</subfield>
    <subfield code="p">24192</subfield>
    <subfield code="r">2026-05-16 13:58:44</subfield>
    <subfield code="t">Ej.1</subfield>
    <subfield code="w">2026-05-16</subfield>
    <subfield code="y">TH</subfield>
  </datafield>
</record>
